[Event "AUTO-ELITE-20"]
[Site "http://www.queenalice.com/game.php?id=117806"]
[Date "2006.10.16"]
[Round "2"]
[White "losloper"]
[Black "Arto20"]
[Result "0-1"]
[WhiteElo "2408"]
[BlackElo "2204"]

1. e4 e5 2. Nc3 Nc6 3. Bc4 Nf6 4. Nf3 Nxe4 5. O-O Nxc3 6. dxc3 h6 7. Qd5 Qf6 8.
Re1 d6 9. Bb5 Bd7 10. Nd4 Nd8 11. Bxd7+ Kxd7 12. Nf3 c6 13. Qb3 Kc7 14. Be3 Qg6
15. a4 Ne6 16. a5 Be7 0-1

[Event "AUTO-ELITE-20"]
[Site "http://www.queenalice.com/game.php?id=117807"]
[Date "2006.10.16"]
[Round "2"]
[White "Arto20"]
[Black "losloper"]
[Result "1-0"]
[WhiteElo "2222"]
[BlackElo "2215"]

1. d4 Nf6 2. c4 e6 3. Nf3 b6 4. g3 Bb7 5. Bg2 Be7 6. O-O O-O 7. Nc3 Ne4 8. Qd3
Nxc3 9. Qxc3 c5 10. dxc5 bxc5 11. Rd1 d6 12. Bf4 Nc6 13. a3 e5 14. Be3 Nd4 15.
Bxd4 cxd4 16. Qc2 Qd7 17. Nd2 Bxg2 18. Kxg2 a5 19. b3 1-0

[Event "AUTO-OPEN-181"]
[Site "http://www.queenalice.com/game.php?id=127261"]
[Date "2006.11.9"]
[Round "2"]
[White "joaoreis001"]
[Black "losloper"]
[Result "0-1"]
[WhiteElo "1609"]
[BlackElo "2411"]

1. Nf3 c5 2. c4 Nf6 3. Nc3 Nc6 4. g3 g6 5. Bg2 Bg7 6. O-O O-O 7. b3 d6 8. e4
Nxe4 9. Bb2 Bg4 10. Qe2 Ng5 11. h3 Bxf3 12. Bxf3 Nd4 13. Qd3 Ndxf3+ 14. Kg2 Qd7
15. g4 f5 16. Qd5+ e6 17. Qd3 fxg4 18. hxg4 Qc6 19. Kg3 Be5+ 20. Kg2 Ne1+ 21.
Kg1 Qg2# 0-1

[Event "AUTO-OPEN-181"]
[Site "http://www.queenalice.com/game.php?id=127262"]
[Date "2006.11.9"]
[Round "2"]
[White "losloper"]
[Black "joaoreis001"]
[Result "1-0"]
[WhiteElo "2409"]
[BlackElo "1611"]

1. e4 e5 2. Nc3 Nf6 3. f4 exf4 4. e5 Ng8 5. Nf3 Nc6 6. d4 Bb4 7. Bxf4 Bxc3+ 8.
bxc3 Nce7 9. Bd3 Nd5 10. Bd2 d6 11. O-O Bg4 12. Qe1 Nge7 13. c4 Nb6 14. Ng5 Bh5
15. e6 f5 16. Qh4 g6 17. Nf7 Qc8 18. Nxh8 Qxe6 19. Rae1 Qf7 20. Nxf7 Kxf7 21.
Rxe7+ Kg8 22. Qf6 Rf8 23. Qg7# 1-0

[Event "AUTO-OPEN-181"]
[Site "http://www.queenalice.com/game.php?id=127265"]
[Date "2006.11.9"]
[Round "2"]
[White "ENDHER"]
[Black "losloper"]
[Result "1-0"]
[WhiteElo "2288"]
[BlackElo "2394"]

1. e4 c5 2. Nc3 Nc6 3. Nf3 d6 4. d4 cxd4 5. Nxd4 Nf6 6. Bb5 Bd7 7. O-O e6 8. Be3
Be7 9. f4 O-O 10. Be2 a6 11. Nb3 Qc7 12. Bf3 b5 13. a3 Rab8 14. Qe1 a5 15. Qf2
a4 16. Nd2 e5 17. Kh1 exf4 18. Bxf4 Ne5 19. Qd4 Rb7 20. Rac1 Qb6 21. Qxb6 Rxb6
22. Nd5 Nxd5 23. exd5 Rbb8 24. Be2 b4 25. Nf3 Nxf3 26. Bxf3 Rfc8 27. Rfe1 1-0

[Event "AUTO-OPEN-181"]
[Site "http://www.queenalice.com/game.php?id=127266"]
[Date "2006.11.9"]
[Round "2"]
[White "losloper"]
[Black "ENDHER"]
[Result "0-1"]
[WhiteElo "2277"]
[BlackElo "2305"]

1. e4 e5 2. Nc3 Nf6 3. Nf3 Bb4 4. Nxe5 d6 5. Nf3 Bxc3 6. dxc3 Nxe4 7. Bd3 Nc5 8.
O-O O-O 9. Bb5 Bg4 10. Re1 a6 11. Be2 Nc6 12. Qd5 Qf6 13. Be3 Ne6 14. Qb3 Rab8
15. Qa4 Bf5 16. Rad1 Rfe8 17. Rd2 h6 18. h3 Re7 19. Qh4 Qxh4 20. Nxh4 Bh7 21.
Bd3 Ne5 22. Bxh7+ Kxh7 23. Nf5 Ree8 24. Rde2 g5 25. Nd4 Kg6 26. Kf1 Re7 27. Bc1
Rbe8 28. g3 Kf6 29. f4 gxf4 0-1

[Event "QA-ANNIV-02"]
[Site "http://www.queenalice.com/game.php?id=128271"]
[Date "2006.11.11"]
[Round "4"]
[White "losloper"]
[Black "maxmiranda"]
[Result "1-0"]
[WhiteElo "2405"]
[BlackElo "1924"]

1. e4 c5 2. Nf3 d6 3. d4 cxd4 4. Qxd4 Nc6 5. Bb5 Bd7 6. Bxc6 Bxc6 7. Nc3 e6 8.
Bg5 Nf6 9. O-O-O Be7 10. Rhe1 O-O 11. e5 Bxf3 12. gxf3 dxe5 13. Qxe5 Qb6 14. Rg1
Kh8 15. Ne4 Rfd8 16. Nxf6 Rxd1+ 17. Rxd1 1-0

[Event "TOP MASTERS QA"]
[Site "http://www.queenalice.com/game.php?id=133863"]
[Date "2006.11.26"]
[Round "1"]
[White "pensalo"]
[Black "losloper"]
[Result "1-0"]
[WhiteElo "2301"]
[BlackElo "2142"]

1. e4 c5 2. Nf3 d6 3. d4 cxd4 4. Nxd4 Nf6 5. Nc3 a6 6. Be2 e6 7. O-O Be7 8. Qd3
b5 9. b4 e5 10. Nf3 Nc6 11. Nd5 Be6 12. c4 a5 13. bxa5 Nxa5 14. Nxf6+ Bxf6 15.
cxb5 Nb3 16. Rb1 Nc5 17. Qe3 Ra4 18. Bd3 Rxa2 19. Rd1 O-O 20. Rd2 Qa8 21. Rxa2
Qxa2 22. Rb2 Qa8 23. Bc2 Rb8 24. Qe2 Na4 25. Rb4 Nc3 26. Qd2 Nxb5 27. Qd3 Be7
28. Rxb5 Rc8 29. Rb1 1-0

[Event "AUTO-ELITE-64"]
[Site "http://www.queenalice.com/game.php?id=135522"]
[Date "2006.12.1"]
[Round "2"]
[White "shogun"]
[Black "losloper"]
[Result "1-0"]
[WhiteElo "2411"]
[BlackElo "2416"]

1. e4 c5 2. Nf3 d6 3. c3 Nf6 4. Bc4 Nc6 5. d4 cxd4 6. cxd4 Nxe4 7. d5 Ne5 8.
Nxe5 dxe5 9. Qe2 Nd6 10. Bb3 f6 11. f4 exf4 12. Bxf4 g6 13. O-O Bg7 14. Re1 f5
15. Na3 O-O 16. Qxe7 Qxe7 17. Rxe7 Bxb2 18. Bxd6 Bxa1 19. Bc5 1-0

[Event "AUTO-ELITE-64"]
[Site "http://www.queenalice.com/game.php?id=135523"]
[Date "2006.12.1"]
[Round "2"]
[White "losloper"]
[Black "shogun"]
[Result "0-1"]
[WhiteElo "2379"]
[BlackElo "2421"]

1. e4 Nc6 2. Nc3 Nf6 3. Nf3 d5 4. exd5 Nxd5 5. Bc4 Be6 6. Bb3 Nxc3 7. bxc3 Bf5
8. O-O e6 9. d4 Be7 10. Bc4 O-O 11. Re1 Bf6 12. Rb1 b6 13. Qe2 Ne7 14. Ne5 Bxe5
15. dxe5 Nd5 16. Rb3 Qe7 17. Bb5 Rad8 18. Ba4 c6 19. c4 Nb4 0-1

[Event "AUTO-ELITE-64"]
[Site "http://www.queenalice.com/game.php?id=135526"]
[Date "2006.12.1"]
[Round "2"]
[White "smurilo"]
[Black "losloper"]
[Result "1-0"]
[WhiteElo "2269"]
[BlackElo "2192"]

1. c4 Nf6 2. Nc3 e6 3. e4 c5 4. e5 Ng8 5. Nf3 Nc6 6. g3 Nge7 7. Bg2 d6 8. exd6
Nf5 9. d4 Ncxd4 10. Nxd4 Nxd4 11. Be3 e5 12. O-O Bxd6 13. f4 O-O 14. fxe5 Bxe5
15. Qh5 f5 16. Bd5+ Kh8 17. Rae1 Bd7 18. Bxb7 Rb8 19. Bd5 Nc2 20. Bg5 Bf6 21.
Bxf6 Qxf6 22. Re2 Nd4 23. Ref2 Qe7 24. Bg2 Rfe8 25. Nd5 Qd6 26. Qd1 1-0

[Event "AUTO-ELITE-64"]
[Site "http://www.queenalice.com/game.php?id=135527"]
[Date "2006.12.1"]
[Round "2"]
[White "losloper"]
[Black "smurilo"]
[Result "0-1"]
[WhiteElo "2333"]
[BlackElo "2250"]

1. e4 d6 2. d4 Nf6 3. Nc3 g6 4. f4 Bg7 5. Nf3 O-O 6. Bd3 Nc6 7. e5 dxe5 8. fxe5
Nd5 9. Nxd5 Qxd5 10. c3 Bg4 11. O-O Bxe5 12. dxe5 Rad8 13. Qa4 Bxf3 14. Rxf3
Nxe5 15. Be2 Nxf3+ 16. Bxf3 Qc5+ 17. Kh1 c6 18. Bh6 Rfe8 19. Re1 Qf2 20. Qe4 e5
21. Rb1 Qc5 22. Qh4 Qd6 23. h3 Qe6 24. Bd1 Rd7 0-1

[Event "AUTO-ELITE-64"]
[Site "http://www.queenalice.com/game.php?id=135530"]
[Date "2006.12.1"]
[Round "2"]
[White "losloper"]
[Black "chess_wizard"]
[Result "1-0"]
[WhiteElo "2418"]
[BlackElo "1756"]

1. e4 c5 2. Nf3 Nc6 3. d4 cxd4 4. Nxd4 d6 5. Nc3 Nf6 6. Bg5 e6 7. Qd2 Be7 8.
O-O-O h6 9. Bxf6 Bxf6 10. Nxc6 bxc6 11. Qxd6 Qxd6 12. Rxd6 1-0

[Event "AUTO-ELITE-64"]
[Site "http://www.queenalice.com/game.php?id=135531"]
[Date "2006.12.1"]
[Round "2"]
[White "chess_wizard"]
[Black "losloper"]
[Result "0-1"]
[WhiteElo "1750"]
[BlackElo "2421"]

1. e4 c5 2. Nf3 d6 3. Bc4 e6 4. O-O Nf6 5. Nc3 Be7 6. d3 O-O 7. a3 Nc6 8. Bg5 a6
9. h3 b5 10. Ba2 Bb7 11. Ne2 h6 0-1

[Event "QA-ANNIV-02"]
[Site "http://www.queenalice.com/game.php?id=150576"]
[Date "2007.1.5"]
[Round "5"]
[White "bobbyfour"]
[Black "losloper"]
[Result "0-1"]
[WhiteElo "2129"]
[BlackElo "2424"]

1. e4 c5 2. Nc3 Nc6 3. g3 g6 4. Bg2 Bg7 5. d3 d6 6. f4 Nf6 7. Nf3 O-O 8. O-O Rb8
9. h3 b5 10. g4 b4 11. Ne2 Nd7 12. Qe1 Qa5 13. f5 Nde5 14. Nxe5 Bxe5 15. a3 Qa6
16. fxg6 hxg6 17. Qd1 f6 18. Nf4 g5 19. Nd5 Rf7 20. Ne3 Be6 21. Nf5 Rh7 22. Kh1
Kf7 23. Ne3 Rbh8 24. Kg1 Bd4 25. Kf2 b3 26. c3 Bxe3+ 27. Bxe3 Ne5 28. c4 Rxh3
29. Bxh3 Rxh3 30. Rg1 Qc8 0-1

[Event "QA-ANNIV-02"]
[Site "http://www.queenalice.com/game.php?id=183854"]
[Date "2007.3.17"]
[Round "6"]
[White "losloper"]
[Black "andbra"]
[Result "0-1"]
[WhiteElo "2126"]
[BlackElo "2168"]

1. e4 c5 2. Nf3 d6 3. d4 cxd4 4. Qxd4 Nc6 5. Bb5 Bd7 6. Bxc6 Bxc6 7. Nc3 Nf6 8.
Bg5 e6 9. O-O-O Be7 10. Rhe1 O-O 11. Kb1 h6 12. Bh4 Qa5 13. Qd2 Qh5 14. h3 Rfd8
15. Qe2 Rac8 16. a3 b5 17. g4 Qc5 0-1